Statistiken für Berühmte Deutsche - Bild Quiz #4

Klicken Sie hier um das Quiz zu spielen!

Allgemein

  • Dieses Quiz wurde 363 mal gespielt
  • Das Durchschnittsergebnis liegt bei 9 aus 16

Antwortstatistiken

Antwort% Korrekt
Manuel Neuer
95%
Til Schweiger
85%
Lena Meyer-Landrut
84%
Ursula von der Leyen
82%
Lothar Matthäus
77%
Xavier Naidoo
77%
Herbert Grönemeyer
73%
Willy Brandt
69%
Bill Kaulitz
66%
Yvonne Catterfeld
66%
Sarah Connor
65%
Daniel Brühl
43%
Michael Fassbender
20%
Franka Potente
17%
Giulia Siegel
10%
Nadja Auermann
7%

Verteilung der Resultate

Perzentil nach korrekt beantworteten Fragen

Anzahl Personen mit jedem Resultat

Ihre Resultats-Entwicklung

Sie haben dieses Quiz noch nicht gespielt